[Event "Commonwealth Open 2019"]
[Site "Delhi"]
[Date "2019.07.03"]
[Round "5.14"]
[White "Iniyan, P."]
[Black "Arpita, Mukherjee"]
[Result "1-0"]
[WhiteElo "2525"]
[BlackElo "2248"]
[Annotator "ChessBase"]
[PlyCount "61"]
[EventDate "2019.06.30"]
[EventType "swiss"]
[EventCountry "IND"]
[SourceTitle "playchess.com"]
[Source "ChessBase"]
[SourceQuality "1"]
[TimeControl "5400+30"]

1. d4 {[%emt 0:00:43]} Nf6 {[%emt 0:00:42]} 2. c4 {[%emt 0:00:07]} b6 {[%emt 0:00:14]} 3. Nc3 {[%emt 0:01:48]} Bb7 {[%emt 0:00:10]} 4. Nf3 {[%emt 0:00:09]} Ne4 {[%emt 0:00:18]} 5. e3 {[%emt 0:01:31]} e6 {[%emt 0:02:24]} 6. Bd3 {[%emt 0:00:07]} Nxc3 {[%emt 0:02:39]} 7. bxc3 {[%emt 0:00:07]} d5 {[%emt 0:01:52]} 8. O-O {[%emt 0:00:24]} Bd6 {[%emt 0:00:54]} 9. cxd5 {[%emt 0:04:28]} exd5 {[%emt 0:01:01]} 10. Qc2 {[%emt 0:00:08]} c5 {[%emt 0:04:52]} 11. dxc5 {[%emt 0:12:08]} bxc5 {[%emt 0:03:37]} 12. c4 {[%emt 0:00:30]} dxc4 {[%emt 0:39:34]} 13. Be4 {[%emt 0:00:28]} Qc7 {[%emt 0:00:32]} 14. Bxb7 {[%emt 0:01:46]} Qxb7 {[%emt 0:00:15]} 15. Rd1 {[%emt 0:00:50]} Be7 {[%emt 0:00:51]} 16. Rb1 {[%emt 0:01:16]} Qa6 {[%emt 0:08:50]} 17. Qe4 {[%emt 0:04:52]} Qg6 {[%emt 0:02:48]} 18. Qb7 {[%emt 0:03:02]} O-O {[%emt 0:04:55]} 19. Ne5 {[%emt 0:00:07]} Qe6 {[%emt 0:06:16]} 20. Qxa8 {[%emt 0:02:18]} Qxe5 {[%emt 0:00:09]} 21. Bb2 {[%emt 0:00:27]} c3 {[%emt 0:05:29]} 22. Bxc3 {[%emt 0:00:47]} Qxc3 {[%emt 0:00:05]} 23. Rxb8 {[%emt 0:00:09]} Qc2 {[%emt 0:00:15]} 24. Rxf8+ {[%emt 0:00:06]} Bxf8 {[%emt 0:00:04]} 25. Qd5 {[%emt 0:00:10]} c4 {[%emt 0:00:11]} 26. Qd2 {[%emt 0:00:05]} Qa4 {[%emt 0:04:38]} 27. Rc1 {[%emt 0:00:06]} Ba3 {[%emt 0:00:38]} 28. Qc2 {[%emt 0:00:29]} Qe8 {[%emt 0:01:10]} 29. Rd1 {[%emt 0:00:09]} Qc8 {[%emt 0:01:19]} 30. Qc3 {[%emt 0:00:19]} Be7 {[%emt 0:02:13]} 31. Rc1 {[%emt 0:00:06]} 1-0

[Event "Commonwealth Open 2019"]
[Site "Delhi"]
[Date "2019.07.03"]
[Round "5.15"]
[White "Karthikeyan, P.."]
[Black "Deepak, Katiyar"]
[Result "1-0"]
[WhiteElo "2445"]
[BlackElo "2140"]
[Annotator "TA"]
[PlyCount "47"]
[EventDate "2019.06.30"]
[EventType "swiss"]
[EventCountry "IND"]
[SourceTitle "playchess.com"]
[Source "ChessBase"]
[SourceQuality "1"]

{[%evp 18,47,15,1,83,79,157,147,155,147,176,181,394,403,375,408,372,385,402,410,392,354,333,320,305,289,468,467,439,448,775,771]} 1. Nf3 Nf6 2. c4 e6 3. g3 d5 4. Bg2 Be7 5. d4 O-O 6. O-O dxc4 7. Qc2 a6 8. a4 Bd7 9. Rd1 Bc6 10. Nc3 Nbd7 {E05: Open Catalan: 5 Nf3 Be7} (10... Bxf3 $11 {remains equal.} 11. Bxf3 Nc6) (10... Bb4 11. Bg5 Bxc3 12. Qxc3 Ne4 13. Bxd8 Nxc3 14. bxc3 Rxd8 15. Ne5 Bxg2 16. Kxg2 Nc6 17. Nxc4 b5 18. Nd2 b4 {½-½ (69) Van Wely,L (2674)-L'Ami,E (2636) Amsterdam 2018}) 11. e4 $1 $16 {Hoping for d5.} b6 {[#]} (11... Nb6 $142) 12. d5 $1 {[%cal Rd5c6]} exd5 {[#]White is clearly better.} 13. e5 $1 Ne4 {White must now prevent ...Nxc3.} 14. Nxd5 {[%mdl 64] Discovered Attack} Nec5 $2 (14... Bxd5 15. Rxd5 Nec5) 15. Nxe7+ $18 Qxe7 16. Ng5 {[%csl Gg5][%cal Rc2h7][%mdl 64] Discovered Attack} Nd3 $146 {aiming for ...Bxg2.} ({Predecessor:} 16... Be4 17. Bxe4 Nxe4 18. Qxe4 g6 19. e6 f5 20. Qxc4 Ne5 21. Qc3 Ng4 22. Rd7 {1-0 (22) Cosma,E (2324)-Olea,L (1960) Calimanesti Caciulata 2016}) 17. Bxc6 Rad8 18. Bxd7 Rxd7 19. Qxc4 Nxe5 20. Rxd7 Qxd7 21. Qc2 {[%csl Gg5][%cal Rc2h7]} ({But not} 21. Qxa6 h6 $18) 21... Nd3 $2 (21... Qd3 22. Qxc7 Qd1+ 23. Kg2 Qd5+ 24. f3 h6) 22. Be3 {White is clearly winning.} h6 23. Rd1 Rd8 (23... hxg5 $142 24. Rxd3 Qf5) 24. Nf3 {Accuracy: White = 97%, Black = 24%.} 1-0

[Event "Commonwealth Open 2019"]
[Site "Delhi"]
[Date "2019.07.03"]
[Round "5.16"]
[White "Vaishali, R."]
[Black "Mahindrakar Indrajeet"]
[Result "1-0"]
[WhiteElo "2338"]
[BlackElo "2092"]
[Annotator "NA"]
[PlyCount "56"]
[EventDate "2019.06.30"]
[EventType "swiss"]
[EventCountry "IND"]
[SourceTitle "playchess.com"]
[Source "ChessBase"]
[SourceQuality "1"]
[TimeControl "5400+30"]

1. e4 {[%emt 0:00:00]} Nc6 {[%emt 0:00:53]} 2. Nf3 {[%emt 0:00:27]} d6 {[%emt 0:00:18]} 3. d4 {[%emt 0:00:53]} Nf6 {[%emt 0:00:19]} 4. Nc3 {[%emt 0:00:17]} g6 {[%emt 0:01:04]} 5. d5 {[%emt 0:03:47]} Nb8 {[%emt 0:02:06]} 6. Be3 {[%emt 0:00:34]} Bg7 {[%emt 0:00:38]} 7. Qd2 {[%emt 0:00:47]} O-O {[%emt 0:02:22]} 8. Bh6 {[%emt 0:04:41]} c6 {[%emt 0:02:54]} 9. O-O-O {[%emt 0:02:22]} cxd5 {[%emt 0:10:50]} 10. exd5 {[%emt 0:01:33]} Bg4 {[%emt 0:01:15]} 11. Be2 {[%emt 0:03:09]} Nbd7 {[%emt 0:06:19]} 12. Bxg7 {[%emt 0:12:33]} Kxg7 {[%emt 0:03:57]} 13. h3 {[%emt 0:00:10]} Bxf3 {[%emt 0:01:13]} 14. Bxf3 {[%emt 0:00:08]} Qa5 {[%emt 0:08:29]} 15. g4 {[%emt 0:03:41]} h6 {[%emt 0:48:35]} 16. Be2 {[%emt 0:09:16]} b5 {[%emt 0:00:56]} 17. a3 {[%emt 0:19:54]} Rab8 {[%emt 0:00:28]} 18. h4 {[%emt 0:03:26]} b4 {[%emt 0:00:30]} 19. Na2 {[%emt 0:00:48]} Qb6 {[%emt 0:04:48]} 20. axb4 {[%emt 0:03:26]} Rfc8 {[%emt 0:01:01]} 21. g5 {[%emt 0:02:20]} hxg5 {[%emt 0:00:39]} 22. hxg5 {[%emt 0:00:06]} Ne4 {[%emt 0:00:14]} 23. Qf4 {[%emt 0:00:54]} Nxf2 24. Rdf1 {[%emt 0:00:34]} Ne5 {[%emt 0:01:38]} 25. Rxf2 {[%emt 0:01:01]} Rh8 {[%emt 0:00:30]} 26. Rfh2 {[%emt 0:02:01]} Rxh2 {[%emt 0:00:22]} 27. Qxh2 {[%emt 0:00:09]} Qe3+ {[%emt 0:00:33]} 28. Kb1 {[%emt 0:00:02]} Ra8 1-0

[Event "Commonwealth Open 2019"]
[Site "Delhi"]
[Date "2019.07.03"]
[Round "5.17"]
[White "Sangma, Rahul"]
[Black "Patil, Harshal"]
[Result "1-0"]
[WhiteElo "2298"]
[BlackElo "1809"]
[Annotator "NA"]
[PlyCount "52"]
[EventDate "2019.06.30"]
[EventType "swiss"]
[EventCountry "IND"]
[SourceTitle "playchess.com"]
[Source "ChessBase"]
[SourceQuality "1"]
[TimeControl "5400+30"]

1. Nf3 {[%emt 0:00:00]} Nf6 {[%emt 0:00:00]} 2. c4 {[%emt 0:00:00]} b6 {[%emt 0:01:15]} 3. g3 {[%emt 0:00:43]} Bb7 {[%emt 0:00:15]} 4. Bg2 {[%emt 0:00:02]} e6 {[%emt 0:03:16]} 5. b3 {[%emt 0:00:30]} Be7 {[%emt 0:00:30]} 6. Bb2 {[%emt 0:00:30]} O-O {[%emt 0:00:11]} 7. O-O {[%emt 0:00:11]} c5 {[%emt 0:00:50]} 8. Nc3 {[%emt 0:00:40]} d5 {[%emt 0:01:55]} 9. e3 {[%emt 0:00:22]} Nc6 {[%emt 0:13:13]} 10. cxd5 {[%emt 0:00:49]} Nxd5 {[%emt 0:00:42]} 11. Nxd5 {[%emt 0:00:30]} Qxd5 {[%emt 0:02:08]} 12. d4 Rfd8 {[%emt 0:07:17]} 13. Ne5 {[%emt 0:10:26]} Qd6 {[%emt 0:00:21]} 14. Qf3 {[%emt 0:01:29]} Nxe5 {[%emt 0:10:34]} 15. Qxb7 {[%emt 0:00:34]} cxd4 {[%emt 0:02:54]} 16. Rad1 {[%emt 0:04:34]} Bf6 {[%emt 0:17:36]} 17. Rxd4 {[%emt 0:01:55]} Qc5 {[%emt 0:05:34]} 18. Rfd1 {[%emt 0:34:51]} Rdc8 {[%emt 0:07:29]} 19. Qa6 {[%emt 0:15:17]} h5 {[%emt 0:03:12]} 20. Bxa8 {[%emt 0:09:06]} Rxa8 {[%emt 0:00:02]} 21. Rc1 {[%emt 0:00:20]} Qf8 {[%emt 0:03:16]} 22. Kg2 {[%emt 0:01:17]} Ng4 {[%emt 0:01:17]} 23. Rd2 {[%emt 0:05:14]} Qb4 {[%emt 0:04:22]} 24. Rc8+ {[%emt 0:00:34]} Rxc8 {[%emt 0:00:07]} 25. Qxc8+ {[%emt 0:00:02]} Kh7 {[%emt 0:00:02]} 26. Qc2+ {[%emt 0:01:38] Bxb2 h3+ Bf6 hxg4+} Kh6 {[%emt 0:03:04] gxh5} 1-0

[Event "Commonwealth Open 2019"]
[Site "Delhi"]
[Date "2019.07.03"]
[Round "5.18"]
[White "Kumar, Gaurav"]
[Black "Srihari L R"]
[Result "1/2-1/2"]
[WhiteElo "2110"]
[BlackElo "2200"]
[Annotator "NA"]
[PlyCount "119"]
[EventDate "2019.06.30"]
[EventType "swiss"]
[EventCountry "IND"]
[SourceTitle "playchess.com"]
[Source "ChessBase"]
[SourceQuality "1"]
[TimeControl "5400+30"]

1. e4 {[%emt 0:00:00]} d6 {[%emt 0:00:00]} 2. d4 {[%emt 0:00:00]} Nf6 {[%emt 0:00:05]} 3. Nc3 {[%emt 0:00:00]} e5 {[%emt 0:00:07]} 4. dxe5 {[%emt 0:10:27]} dxe5 {[%emt 0:00:02]} 5. Qxd8+ {[%emt 0:00:11]} Kxd8 {[%emt 0:00:02]} 6. Nf3 {[%emt 0:00:09]} Bd6 {[%emt 0:00:05]} 7. Bg5 {[%emt 0:00:49]} Be6 {[%emt 0:00:16]} 8. O-O-O {[%emt 0:01:02]} Nbd7 {[%emt 0:00:35]} 9. Bxf6+ {[%emt 0:02:49]} gxf6 {[%emt 0:02:33]} 10. Nh4 {[%emt 0:00:34]} Bc5 {[%emt 0:04:16]} 11. Nd5 {[%emt 0:08:26]} Bxf2 {[%emt 0:18:04]} 12. Nf5 {[%emt 0:01:02]} Kc8 {[%emt 0:02:16]} 13. Bc4 {[%emt 0:16:59]} c6 {[%emt 0:11:58]} 14. Nde3 {[%emt 0:01:00]} Bxe3+ {[%emt 0:00:11]} 15. Nxe3 {[%emt 0:00:06]} Kc7 {[%emt 0:07:38]} 16. Rhf1 {[%emt 0:01:16]} Rhg8 {[%emt 0:01:55]} 17. g3 {[%emt 0:09:25]} Rg6 {[%emt 0:11:05]} 18. Be2 {[%emt 0:06:40]} Nc5 {[%emt 0:05:53]} 19. Bc4 {[%emt 0:00:00]} Nd7 {[%emt 0:00:00]} 20. Be2 {[%emt 0:01:00]} Nc5 {[%emt 0:01:00]} 21. Bf3 {[%emt 0:03:57]} Rd8 {[%emt 0:00:55]} 22. Rxd8 {[%emt 0:06:05]} Kxd8 {[%emt 0:02:08]} 23. Nf5 {[%emt 0:00:15]} Bxf5 {[%emt 0:04:08]} 24. exf5 {[%emt 0:00:10]} Rg8 {[%emt 0:00:23]} 25. Rd1+ {[%emt 0:07:20]} Ke7 {[%emt 0:00:26]} 26. c3 {[%emt 0:01:31]} Nd7 {[%emt 0:03:49]} 27. c4 {[%emt 0:03:31]} Rg5 {[%emt 0:02:15]} 28. g4 {[%emt 0:00:51]} Rg8 {[%emt 0:02:30]} 29. Kc2 {[%emt 0:00:44]} a5 {[%emt 0:02:39]} 30. Kc3 {[%emt 0:06:28]} Rd8 {[%emt 0:00:22]} 31. a3 {[%emt 0:01:09]} Nc5 {[%emt 0:01:44]} 32. Rxd8 {[%emt 0:00:31]} Kxd8 {[%emt 0:00:01]} 33. b4 {[%emt 0:00:24]} axb4+ {[%emt 0:00:14]} 34. axb4 {[%emt 0:00:13]} Na4+ {[%emt 0:01:57]} 35. Kb3 {[%emt 0:00:14]} Nb6 {[%emt 0:00:05]} 36. c5 {[%emt 0:08:24]} Nc8 {[%emt 0:04:04]} 37. b5 {[%emt 0:01:31]} Na7 {[%emt 0:02:33]} 38. b6 {[%emt 0:00:42]} Nb5 {[%emt 0:00:09]} 39. Kb4 {[%emt 0:01:46]} Nd4 {[%emt 0:01:02]} 40. Be4 {[%emt 0:01:03]} Kd7 {[%emt 0:01:19]} 41. Kc4 {[%emt 0:00:31]} Ne2 {[%emt 0:00:47]} 42. Bf3 {[%emt 0:00:37]} Nd4 {[%emt 0:00:53]} 43. Be4 {[%emt 0:00:17]} h6 {[%emt 0:00:05]} 44. h4 {[%emt 0:01:16]} Kd8 {[%emt 0:01:08]} 45. Kc3 {[%emt 0:00:24]} Ne2+ {[%emt 0:00:42]} 46. Kc4 {[%emt 0:00:32]} Kd7 {[%emt 0:00:42]} 47. Bg2 {[%emt 0:00:34]} Kc8 {[%emt 0:02:09]} 48. h5 {[%emt 0:00:25]} Nd4 {[%emt 0:00:41]} 49. Be4 {[%emt 0:00:19]} Kd8 {[%emt 0:00:11]} 50. Kd3 {[%emt 0:00:33]} Kd7 {[%emt 0:00:39]} 51. Bg2 {[%emt 0:00:33]} Nb3 {[%emt 0:00:31]} 52. Kc4 {[%emt 0:00:06]} Nd4 {[%emt 0:00:35]} 53. Kd3 {[%emt 0:00:07]} Ke7 {[%emt 0:00:46]} 54. Kc4 {[%emt 0:00:52]} Kd8 {[%emt 0:00:42]} 55. Kd3 {[%emt 0:00:18]} Kc8 {[%emt 0:00:13]} 56. Bh1 {[%emt 0:00:37]} Kd7 {[%emt 0:01:17]} 57. Bg2 {[%emt 0:00:09]} Nb5 {[%emt 0:00:26]} 58. Be4 {[%emt 0:00:29]} Nd4 {[%emt 0:00:16]} 59. Bf3 e4+ 60. Kxe4 1/2-1/2

[Event "Commonwealth Open 2019"]
[Site "Delhi"]
[Date "2019.07.03"]
[Round "5.19"]
[White "Mahalakshmi, M."]
[Black "Sa, Kannan"]
[Result "1/2-1/2"]
[WhiteElo "2245"]
[BlackElo "1947"]
[Annotator "NA"]
[PlyCount "84"]
[EventDate "2019.06.30"]
[EventType "swiss"]
[EventCountry "IND"]
[SourceTitle "playchess.com"]
[Source "ChessBase"]
[SourceQuality "1"]
[TimeControl "5400+30"]

1. d4 {[%emt 0:00:00]} d5 {[%emt 0:06:04]} 2. c4 {[%emt 0:00:00]} e6 {[%emt 0:00:17]} 3. Nf3 {[%emt 0:00:00]} Nf6 {[%emt 0:01:26]} 4. Nc3 {[%emt 0:00:00]} c6 {[%emt 0:00:25]} 5. e3 {[%emt 0:00:00]} Nbd7 {[%emt 0:01:02]} 6. Qc2 {[%emt 0:00:00]} Bd6 {[%emt 0:00:32]} 7. Bd3 {[%emt 0:00:51]} dxc4 {[%emt 0:01:28]} 8. Bxc4 {[%emt 0:00:02]} O-O {[%emt 0:00:52]} 9. O-O {[%emt 0:00:28]} e5 {[%emt 0:03:27]} 10. h3 {[%emt 0:07:21]} Qe7 {[%emt 0:01:49]} 11. Bb3 {[%emt 0:00:51]} h6 {[%emt 0:02:40]} 12. Nh4 {[%emt 0:06:00]} Re8 {[%emt 0:06:46]} 13. Nf5 {[%emt 0:05:21]} Qf8 {[%emt 0:01:24]} 14. Nxd6 {[%emt 0:00:28]} Qxd6 {[%emt 0:00:06]} 15. Rd1 {[%emt 0:01:29]} e4 {[%emt 0:10:30]} 16. d5 {[%emt 0:13:27]} Nb6 {[%emt 0:01:55]} 17. dxc6 {[%emt 0:02:19]} Qxc6 {[%emt 0:01:58]} 18. Na4 {[%emt 0:00:51]} Qxc2 {[%emt 0:05:37]} 19. Bxc2 {[%emt 0:00:02]} Be6 {[%emt 0:00:01]} 20. Bd2 {[%emt 0:03:46]} Rec8 {[%emt 0:10:21]} 21. Bc3 {[%emt 0:04:04]} Nbd5 {[%emt 0:01:05]} 22. Bb3 {[%emt 0:07:47]} b5 {[%emt 0:07:32]} 23. Bxf6 {[%emt 0:01:07]} Nxf6 {[%emt 0:00:54]} 24. Bxe6 {[%emt 0:01:29]} fxe6 {[%emt 0:00:10]} 25. Nc3 {[%emt 0:00:02]} b4 {[%emt 0:00:10]} 26. Na4 {[%emt 0:02:44]} Rc2 {[%emt 0:06:47]} 27. Rd6 {[%emt 0:05:49]} Kf7 {[%emt 0:07:51]} 28. Rad1 {[%emt 0:01:44]} Rac8 {[%emt 0:02:22]} 29. Ra6 {[%emt 0:03:36]} R8c7 {[%emt 0:00:27]} 30. Rdd6 {[%emt 0:01:11]} Rc1+ {[%emt 0:02:47]} 31. Kh2 {[%emt 0:00:01]} R7c2 {[%emt 0:00:13]} 32. Rxa7+ {[%emt 0:01:29]} Kg8 {[%emt 0:02:38]} 33. Rd8+ {[%emt 0:08:51]} Kh7 {[%emt 0:00:20]} 34. Rf8 {[%emt 0:00:09]} Re2 {[%emt 0:07:46]} 35. Rff7 {[%emt 0:03:58]} Kg6 {[%emt 0:00:30]} 36. Rxg7+ {[%emt 0:03:04]} Kf5 {[%emt 0:00:17]} 37. Rab7 {[%emt 0:03:37]} h5 {[%emt 0:05:35]} 38. Rb5+ {[%emt 0:04:17]} e5 {[%emt 0:00:11]} 39. Re7 {[%emt 0:00:43]} h4 {[%emt 0:02:01]} 40. Rexe5+ {[%emt 0:05:59]} Kg6 {[%emt 0:00:02]} 41. Rg5+ {[%emt 0:03:27]} Kh6 {[%emt 0:00:02]} 42. Rgf5 {[%emt 0:00:25]} Nh5 {[%emt 0:00:37]} 1/2-1/2

[Event "Commonwealth Open 2019"]
[Site "Delhi"]
[Date "2019.07.03"]
[Round "5.20"]
[White "Saurabh, Anand"]
[Black "Bhatt, Jalpan"]
[Result "1/2-1/2"]
[WhiteElo "2351"]
[BlackElo "2001"]
[Annotator "NA"]
[PlyCount "61"]
[EventDate "2019.06.30"]
[EventType "swiss"]
[EventCountry "IND"]
[SourceTitle "playchess.com"]
[Source "ChessBase"]
[SourceQuality "1"]
[TimeControl "5400+30"]

1. e4 {[%emt 0:00:00]} c5 {[%emt 0:00:08]} 2. Nf3 {[%emt 0:00:00]} Nc6 {[%emt 0:00:12]} 3. d4 {[%emt 0:00:35]} cxd4 {[%emt 0:00:03]} 4. Nxd4 {[%emt 0:00:09]} g6 {[%emt 0:00:08]} 5. Nc3 {[%emt 0:00:27]} Bg7 {[%emt 0:00:08]} 6. Be3 {[%emt 0:00:08]} Nf6 {[%emt 0:00:11]} 7. Bc4 {[%emt 0:00:18]} O-O {[%emt 0:00:49]} 8. Bb3 {[%emt 0:00:56]} a5 {[%emt 0:00:46]} 9. O-O {[%emt 0:02:12]} a4 {[%emt 0:01:14]} 10. Nxa4 {[%emt 0:00:12]} Nxe4 {[%emt 0:00:04]} 11. Nb5 {[%emt 0:00:26]} d5 {[%emt 0:01:01]} 12. Bb6 {[%emt 0:05:17]} Qd7 {[%emt 0:00:03]} 13. Qe2 {[%emt 0:01:51]} Ne5 {[%emt 0:11:44]} 14. Rad1 {[%emt 0:01:47]} e6 {[%emt 0:01:40]} 15. f3 {[%emt 0:11:48]} Nd6 {[%emt 0:25:56]} 16. Nxd6 {[%emt 0:01:45]} Qxd6 {[%emt 0:00:02]} 17. Bc5 {[%emt 0:02:03]} Qc7 {[%emt 0:01:04]} 18. Bxf8 {[%emt 0:02:12]} Bxf8 {[%emt 0:01:52]} 19. Nc3 {[%emt 0:01:15]} b6 {[%emt 0:05:16]} 20. Rfe1 {[%emt 0:02:06]} Bd6 {[%emt 0:02:01]} 21. Nxd5 {[%emt 0:20:00]} exd5 {[%emt 0:05:17]} 22. Rxd5 {[%emt 0:00:10]} Ba6 {[%emt 0:02:59]} 23. Qd2 {[%emt 0:00:35]} Nc4 {[%emt 0:06:31]} 24. Bxc4 {[%emt 0:02:57]} Bxh2+ {[%emt 0:07:21]} 25. Kh1 {[%emt 0:00:42]} Bf4 {[%emt 0:03:02]} 26. Qd4 {[%emt 0:07:05]} Qxc4 {[%emt 0:01:07]} 27. b3 {[%emt 0:02:19]} Qxd4 {[%emt 0:05:44]} 28. Rxd4 {[%emt 0:00:06]} g5 {[%emt 0:00:52]} 29. a4 {[%emt 0:01:31]} Kg7 {[%emt 0:01:29]} 30. Re7 {[%emt 0:01:12]} Kf6 {[%emt 0:01:44]} 31. Re1 {[%emt 0:03:32]} 1/2-1/2

[Event "Commonwealth Open 2019"]
[Site "Delhi"]
[Date "2019.07.03"]
[Round "5.21"]
[White "Anilkumar, O.T."]
[Black "Mohota, Nisha"]
[Result "1-0"]
[WhiteElo "1989"]
[BlackElo "2221"]
[Annotator "NA"]
[PlyCount "77"]
[EventDate "2019.06.30"]
[EventType "swiss"]
[EventCountry "IND"]
[SourceTitle "playchess.com"]
[Source "ChessBase"]
[SourceQuality "1"]
[TimeControl "5400+30"]

1. d4 {[%emt 0:00:00]} Nf6 {[%emt 0:00:00]} 2. Nf3 {[%emt 0:00:00]} d5 {[%emt 0:00:00]} 3. e3 {[%emt 0:00:00]} c6 {[%emt 0:00:44]} 4. Be2 {[%emt 0:00:00]} g6 {[%emt 0:00:39]} 5. Nbd2 {[%emt 0:00:04]} Bg7 {[%emt 0:00:29]} 6. O-O {[%emt 0:00:11]} Nbd7 {[%emt 0:05:19]} 7. c4 {[%emt 0:00:25]} O-O {[%emt 0:00:29]} 8. b3 {[%emt 0:00:04]} a6 {[%emt 0:06:28]} 9. Bb2 {[%emt 0:00:10]} e6 {[%emt 0:02:14]} 10. Qc2 {[%emt 0:00:14]} b5 11. cxd5 {[%emt 0:03:26]} cxd5 {[%emt 0:15:26]} 12. Ba3 {[%emt 0:00:50]} Re8 {[%emt 0:00:12]} 13. Rfc1 {[%emt 0:00:09]} Ra7 {[%emt 0:14:48]} 14. Bd6 {[%emt 0:00:29]} Bb7 {[%emt 0:06:10]} 15. a4 {[%emt 0:00:15]} bxa4 {[%emt 0:02:55]} 16. bxa4 {[%emt 0:00:41]} Ne4 {[%emt 0:01:47]} 17. Nxe4 {[%emt 0:05:33]} dxe4 {[%emt 0:00:03]} 18. Nd2 {[%emt 0:00:26]} Qa8 {[%emt 0:11:28]} 19. a5 {[%emt 0:03:01]} e5 {[%emt 0:01:23]} 20. Qa4 {[%emt 0:08:57]} exd4 {[%emt 0:05:33]} 21. Rc7 {[%emt 0:23:06]} Bc8 {[%emt 0:08:57]} 22. Rac1 {[%emt 0:04:16]} dxe3 {[%emt 0:06:22]} 23. fxe3 {[%emt 0:00:25]} h5 {[%emt 0:03:10]} 24. Qb3 {[%emt 0:10:51]} Be5 {[%emt 0:05:16]} 25. Bxe5 {[%emt 0:04:52]} Nxe5 {[%emt 0:00:15]} 26. Nxe4 {[%emt 0:08:01]} Qxe4 {[%emt 0:01:50]} 27. Rxa7 {[%emt 0:00:28]} Be6 {[%emt 0:00:02]} 28. Qc3 {[%emt 0:07:27]} Bd5 {[%emt 0:00:04]} 29. Bf1 {[%emt 0:00:06]} Ng4 {[%emt 0:01:18]} 30. Qd4 {[%emt 0:00:45]} Qf5 {[%emt 0:00:19]} 31. Qf4 {[%emt 0:00:06]} Nxe3 {[%emt 0:01:14]} 32. Qxf5 {[%emt 0:00:04]} gxf5 {[%emt 0:00:15]} 33. Rxa6 {[%emt 0:00:05]} f4 {[%emt 0:00:41]} 34. Rd6 {[%emt 0:01:27]} Re5 {[%emt 0:00:14]} 35. a6 {[%emt 0:00:35]} Rg5 {[%emt 0:00:23]} 36. Rc5 {[%emt 0:01:37]} f3 {[%emt 0:00:44]} 37. a7 {[%emt 0:01:13]} fxg2 {[%emt 0:00:44]} 38. Bd3 {[%emt 0:00:14]} Kf8 {[%emt 0:00:32]} 39. Rdxd5 {[%emt 0:00:11]} 1-0

[Event "Commonwealth Open 2019"]
[Site "Delhi"]
[Date "2019.07.03"]
[Round "5.22"]
[White "Aaryan Varshney"]
[Black "Parthasarathy, R."]
[Result "1/2-1/2"]
[WhiteElo "2284"]
[BlackElo "1988"]
[Annotator "NA"]
[PlyCount "60"]
[EventDate "2019.06.30"]
[EventType "swiss"]
[EventCountry "IND"]
[SourceTitle "playchess.com"]
[Source "ChessBase"]
[SourceQuality "1"]
[TimeControl "5400+30"]

1. d4 {[%emt 0:00:00]} Nf6 {[%emt 0:00:35]} 2. Nf3 {[%emt 0:00:00]} g6 {[%emt 0:00:09]} 3. c4 {[%emt 0:00:00]} Bg7 {[%emt 0:00:47]} 4. Nc3 {[%emt 0:00:00]} O-O {[%emt 0:00:15]} 5. e4 {[%emt 0:00:00]} d6 {[%emt 0:01:15]} 6. Be2 {[%emt 0:00:00]} e5 {[%emt 0:00:08]} 7. O-O {[%emt 0:00:07]} Na6 {[%emt 0:00:30]} 8. Be3 {[%emt 0:01:35]} c6 {[%emt 0:00:28]} 9. d5 {[%emt 0:10:18]} Ng4 {[%emt 0:00:09]} 10. Bd2 {[%emt 0:03:28]} f5 {[%emt 0:03:44]} 11. a3 {[%emt 0:07:43]} Nf6 {[%emt 0:30:34]} 12. b4 {[%emt 0:02:21]} c5 {[%emt 0:08:17]} 13. Ng5 {[%emt 0:11:09]} h6 {[%emt 0:13:56]} 14. Ne6 {[%emt 0:00:30]} Bxe6 {[%emt 0:00:03]} 15. dxe6 {[%emt 0:00:02]} Nc7 {[%emt 0:02:09]} 16. exf5 {[%emt 0:06:29]} gxf5 {[%emt 0:00:14]} 17. Qb1 {[%emt 0:00:57]} e4 {[%emt 0:04:00]} 18. bxc5 {[%emt 0:02:31]} dxc5 {[%emt 0:00:12]} 19. Rd1 {[%emt 0:02:21]} Nxe6 {[%emt 0:01:18]} 20. Bxh6 {[%emt 0:01:11]} Qc7 {[%emt 0:13:28]} 21. Nd5 {[%emt 0:10:51]} Qf7 {[%emt 0:00:36]} 22. Bxg7 {[%emt 0:01:44]} Qxg7 {[%emt 0:00:31]} 23. Qb2 {[%emt 0:05:10]} Nxd5 {[%emt 0:10:47]} 24. Qxg7+ {[%emt 0:03:11]} Kxg7 {[%emt 0:00:02]} 25. Rxd5 {[%emt 0:05:41]} Nf4 {[%emt 0:00:09]} 26. Rd7+ {[%emt 0:00:24]} Rf7 {[%emt 0:00:05]} 27. Rxf7+ {[%emt 0:00:20]} Kxf7 {[%emt 0:00:02]} 28. Bf1 {[%emt 0:00:39]} Rd8 {[%emt 0:01:17]} 29. Rb1 {[%emt 0:00:28]} b6 {[%emt 0:00:37]} 30. a4 {[%emt 0:02:02]} Rd4 {[%emt 0:07:19]} 1/2-1/2